Statistiken für Geographie nach Bild - M

Klicken Sie hier um das Quiz zu spielen!

Allgemein

  • Dieses Quiz wurde 6.950 mal gespielt
  • Das Durchschnittsergebnis liegt bei 10 aus 18

Antwortstatistiken

Antwort% Korrekt
Moskau
91%
Mazedonien
84%
Mongolei
82%
Malaysia
81%
Mandarin
81%
Madagaskar
74%
Moldawien
66%
Monaco
66%
Mailand
60%
Manhattan
52%
Malta
47%
Mississippi
47%
Monsun
47%
Madrid
46%
Mekong
42%
Malé
38%
{Marmara}meer
19%
Mähren
18%

Verteilung der Resultate

Perzentil nach korrekt beantworteten Fragen

Anzahl Personen mit jedem Resultat

Ihre Resultats-Entwicklung

Sie haben dieses Quiz noch nicht gespielt